01323cam a2200325 i 450000100090000000300090000900500170001800800410003502000250007602000220010104000790012308200200020224501280022225000200035026400430037030000460041333600260045933700280048533800270051349000170054050000600055750400510061765000610066865300170072965500170074670000480076394200120081199900170082395201570084015936299EG-ScBUE20241107092252.0091008s2010 nyua f b 001 0 eng d a9780387894874 (pbk.) a038789487X (pbk.) aUKMbengerdacUKMdBTCTAdBWXdYDXCPdOHXdCDXdMUUdDEBBGdDLCdEG-ScBUE04a519.22222bSTO00aStochastic partial differential equations :ba modeling, white noise functional approach /cHelge Holden [and three others] aSecond edition. 1aLondon ;aNew York :bSpringer,c2010. axv, 304 pages ;billustrations ;c24 cm. 2rdacontentatextbtxt aunmediated2rdamediabn avolumebnc2rdacarrier0 aUniversitext aEarlier edition published in 1996 by Birkhauser Boston. aIncludes bibliographical references and index. 7aStochastic partial differential equations.2BUEsh928603 cFebruary2012 vReading book1 aHolden, H.q(Helge),d1956-eauthor.928605 2ddccBB c16384d16384 00102ddc40708OsirisaMAINbMAINc1STd2012-02-05ePurchaseg569.00h11640l1o519.22 STOp000025986r2025-07-15 00:00:00s2012-04-17w2012-02-05yBB